Foundation of Japanese Buddhism, 2 Vols. (Record no. 1075080)

MARC details
000 -LEADER
fixed length control field 00844nam a2200301Ia 4500
003 - CONTROL NUMBER IDENTIFIER
control field OSt
005 - DATE AND TIME OF LATEST TRANSACTION
control field 20221006142716.0
008 - FIXED-LENGTH DATA ELEMENTS--GENERAL INFORMATION
fixed length control field 221006b |||||||| |||| 00| 0 eng d
020 ## - INTERNATIONAL STANDARD BOOK NUMBER
International Standard Book Number 0914910272
020 ## - INTERNATIONAL STANDARD BOOK NUMBER
International Standard Book Number 91490256
037 ## - SOURCE OF ACQUISITION
Terms of availability Textual
040 ## - CATALOGING SOURCE
Original cataloging agency EASL
Transcribing agency EASL
Language of cataloging eng
041 ## - LANGUAGE CODE
Source of code eng
Language code of text/sound track or separate title eng
100 ## - MAIN ENTRY--PERSONAL NAME
Personal name MATSUNAGA Daigan
9 (RLIN) 648229
245 #0 - TITLE STATEMENT
Title Foundation of Japanese Buddhism, 2 Vols.
260 ## - PUBLICATION, DISTRIBUTION, ETC.
Place of publication, distribution, etc. Tokyo
Name of publisher, distributor, etc. Kenkyusha Japan
Date of publication, distribution, etc. 1984
300 ## - PHYSICAL DESCRIPTION
Extent 292+362p.
Dimensions cm.
490 ## - SERIES STATEMENT
Volume/sequential designation V.1 : The arstocratic age V.1JEL
650 ## - SUBJECT ADDED ENTRY--TOPICAL TERM
Topical term or geographic name entry element JEL
650 ## - SUBJECT ADDED ENTRY--TOPICAL TERM
Topical term or geographic name entry element Buddhism - Japan - History
700 ## - ADDED ENTRY--PERSONAL NAME
Personal name MATSUNAGA Alicia
942 ## - ADDED ENTRY ELEMENTS (KOHA)
Classification part Q4v42, L6.
Koha item type Textual
Source of classification or shelving scheme Colon Classification (CC)
Holdings
Withdrawn status Lost status Source of classification or shelving scheme Damaged status Not for loan Home library Current library Date acquired Serial Enumeration / chronology Total Checkouts Full call number Barcode Date last seen Price effective from Koha item type
    Colon Classification (CC)     Department of East Asian Studies Library Department of East Asian Studies Library 2022-10-06 V.1 : The arstocratic age V.1JEL   Q4v42 L6. EA0555750 2022-10-06 2022-10-06 Textual
Copyright @ Delhi University Library System